000 01679nam a2200517 i 4500
001 35969
003 KOSZ 005
005 20210429132749.0
008 980403s1997 pl a f f |000 0 pol
015 _aUWD 1998/3288
020 _a8370112943
035 _a991003511379705066
035 _a(PL-WaBN)b10942038-48omnis_nlop
035 _ab10942038
035 _a(OCoLC)749806640
035 _azz2005820087
035 _a(PL)b0000001094203
035 _a(EXLNZ-48OMNIS_NETWORK)9910186032405606
040 _aWA N
_cWA N
_dKOSZ 005/HR
046 _k1997
080 _a330.567.2
080 _a159.94
080 _a316.6
080 _a339.138
080 _a(075.8)
100 1 _aMazurek-Łopacińska, Krystyna
_d(1951- )
_eAutor
245 1 0 _aZachowania nabywców jako podstawa strategii marketingowej /
_cKrystyna Mazurek-Łopacińska.
260 _aWrocław :
_bWydaw. Akademii Ekonomicznej im. Oskara Langego,
_c1997.
300 _a332 s. :
_bwykr. ;
_c24 cm.
336 _aTekst
_btxt
_2rdacontent
337 _aBez urządzenia pośredniczącego
_bn
_2rdamedia
338 _aWolumin
_bnc
_2rdacarrier
380 _aKsiążki
380 _aPublikacje dydaktyczne
385 _mPoziom nauczania
_aSzkoły wyższe
388 _a1901-2000
388 _a1989-2000
504 _aBibliogr. s. 329-332.
650 7 _aKonsumenci (ekonomia)
_2DBN
650 7 _aMarketing strategiczny
_2DBN
655 7 _aPodręczniki akademickie
_2DBN
658 _aZarządzanie i marketing
856 _uhttp://koha.tu.koszalin.pl/cgi-bin/koha/opac-detail.pl?biblionumber=35969
_yKatalog online BPK
942 _2UKD
_cKS
999 _c35969
_d35969